| 000 | 01058nam a2200361 a 4500 | ||
|---|---|---|---|
| 003 | AR-BaBNM | ||
| 005 | 20251128205734.0 | ||
| 008 | 082120s2002 ||||||||||||||000 | spa|| | ||
| 020 | _a84-7738-468-1 | ||
| 040 | _cAR-BaBNM | ||
| 245 | 0 | 0 | _aBases teóricas del currículo de matemáticas en educación secundaria |
| 250 | _a1ª ed. | ||
| 260 |
_aMadrid _bSíntesis _c1997 |
||
| 300 |
_a447 p. _bil. |
||
| 490 | 0 |
_aEducación matemática en secundaria _vv. 2 |
|
| 504 | _aBibliografía p. 437-447 | ||
| 650 | 4 | _aMATEMATICA | |
| 650 | 4 | _aENSEÑANZA DE LAS MATEMATICAS | |
| 650 | 4 | _aCURRICULO | |
| 650 | 4 | _aREFORMA DE LA EDUCACION | |
| 650 | 4 | _aACTIVIDADES DE APRENDIZAJE | |
| 650 | 4 | _aOBJETIVOS EDUCACIONALES | |
| 650 | 4 | _aEVALUACION DEL CURRICULO | |
| 650 | 4 | _aFINALIDADES DE LA EDUCACION | |
| 651 | 4 | _aEspaña | |
| 653 | _aEDUCACION SECUNDARIA | ||
| 653 | _aEDUCACION GENERAL BASICA | ||
| 700 | 1 |
_aRico Romero, Luis _eeditor |
|
| 800 | 0 | _aGuzmán; Miguel de | |
| 800 | 1 |
_aRico, Luis _edirector |
|
| 942 | _cBK | ||
| 998 | _cCarmen | ||
| 999 |
_c12622 _d12622 |
||